Saved in:
Bibliographic Details
Format: Book
Language:English
Tags: Add Tag
No Tags, Be the first to tag this record!
Call Number :

MARC

LEADER 00000nam a2200000 a 4500
001 29726
003 MY-KLNDU
005 20241218082912.0
008 100222 000 0 eng d
039 9 |y 201002221221  |z sani 
591 |a 00001884  |b rm89.90  |c pdw 
999 |a vtls000040268  |c 29726  |d 29726